000 00360cam a2200157ua 4500
041 _aeng
_h
082 _a828.09
_bMUL/DR
100 _aMallik, B R .
245 _aDryden /
_cB R Mallik.
_hTextual Documents
250 _a3 /
_b.
260 _aNew Delhi :
_bS.Chand & Sons ,
_c1963.
300 _a73 ; .
504 _a
942 _cBK
999 _c2376
_d2376